| 000 | 00353nam a2200133 a 4500 | ||
|---|---|---|---|
| 005 | 20140414132137.0 | ||
| 008 | 131210s19uu xx 00 eng d | ||
| 050 |
_aTR _bLit778 2006 |
||
| 245 |
_aLittle clackers: _blittle piglet. |
||
| 260 |
_aChina : _bA Learn and play book, _cc2006. |
||
| 300 | _a9 | ||
| 650 |
_aOpposites- _xantonyms |
||
| 999 |
_c115320 _d115320 |
||